[Event "×åìïèîíàò ÐÒ"]
[Site "ÐšÐ°Ð·Ð°Ð½ÑŒ"]
[Date "2022.12.09"]
[Round "1.1"]
[White "Ôàéçðàõìàíîâ, Ðàìèëü."]
[Black "Íóòôóëëèí, Øàðèôóëëà."]
[Result "1-0"]
[WhiteElo "2477"]
[BlackElo "1349"]
[PlyCount "91"]
[EventDate "2022.12.09"]

1. d4 Nf6 2. c4 g6 3. Nc3 Bg7 4. e4 d6 5. h3 O-O 6. Nf3 Nc6 7. Be3 e5 8. d5 Ne7
9. g4 c6 10. Nd2 Nd7 11. h4 h6 12. h5 g5 13. Be2 c5 14. a3 a6 15. b4 b6 16. Kf1
a5 17. Nb5 Nf6 18. bxc5 bxc5 19. Kg2 Qd7 20. f3 Ba6 21. Rb1 Rfb8 22. Qa4 Nc8
23. Nc3 Qc7 24. Rxb8 Rxb8 25. Rb1 Rxb1 26. Ncxb1 Qb6 27. Nb3 Bf8 28. N1d2 Be7
29. Nxa5 Bd8 30. Nc6 Bc7 31. Nf1 Bb7 32. Ng3 Bxc6 33. dxc6 Ne7 34. Nf5 Nxf5 35.
exf5 Kf8 36. Qb5 Ke8 37. Bd2 Kd8 38. a4 Kc8 39. a5 Qa7 40. Bd3 Ng8 41. Be4 f6
42. a6 Qb6 43. Ba5 Qa7 44. Qb7+ Qxb7 45. cxb7+ Kb8 46. Bxc7+ 1-0

[Event "×åìïèîíàò ÐÒ"]
[Site "ÐšÐ°Ð·Ð°Ð½ÑŒ"]
[Date "2022.12.09"]
[Round "1.2"]
[White "Òóðîâåö, ßðîñëàâ."]
[Black "Ñàìóñåíêî, Ìàêñèì."]
[Result "0-1"]
[WhiteElo "1340"]
[BlackElo "2461"]
[PlyCount "102"]
[EventDate "2022.12.09"]

1. d4 Nf6 2. Bf4 d5 3. e3 c5 4. c3 Nc6 5. Nd2 Bf5 6. Qb3 Qc8 7. Ngf3 c4 8. Qd1
b5 9. Ne5 h6 10. Be2 e6 11. Bf3 Qb7 12. O-O Be7 13. Re1 O-O 14. e4 Nxe5 15.
dxe5 Nxe4 16. Bxe4 dxe4 17. Qe2 Rad8 18. Nxe4 g5 19. Bg3 Bxe4 20. Qxe4 Qxe4 21.
Rxe4 Rd2 22. Rb1 Rfd8 23. Kf1 Kg7 24. Re2 R2d3 25. f3 a5 26. Bf2 h5 27. Bd4 b4
28. Ke1 Rd5 29. Rd2 Rxd2 30. Kxd2 Bc5 31. Ke3 Rxe5+ 32. Kf2 Bxd4+ 33. cxd4 Rd5
34. Ke3 e5 35. dxe5 Rxe5+ 36. Kd4 Re2 37. Kxc4 Rxg2 38. Kb5 Rxh2 39. Kxa5 Rh4
40. Kb5 Rf4 41. Rh1 Kg6 42. Rh3 f5 43. a4 bxa3 44. bxa3 g4 45. fxg4 fxg4 46.
Rh1 g3 47. a4 h4 48. a5 g2 49. Rg1 h3 50. a6 Rf7 51. Kc4 Kh5 0-1

[Event "×åìïèîíàò ÐÒ"]
[Site "ÐšÐ°Ð·Ð°Ð½ÑŒ"]
[Date "2022.12.09"]
[Round "1.3"]
[White "Øàðàôèåâ, Àçàò."]
[Black "Õàåðòûíîâ, Àìèðõàí."]
[Result "1-0"]
[WhiteElo "2432"]
[BlackElo "1283"]
[PlyCount "49"]
[EventDate "2022.12.09"]

1. c4 e5 2. Nc3 Nf6 3. g3 d5 4. cxd5 Nxd5 5. Bg2 Be6 6. Nf3 Bd6 7. d4 exd4 8.
Nxd4 c6 9. Nxe6 fxe6 10. O-O O-O 11. Ne4 Be7 12. Bh3 e5 13. Qb3 b6 14. Rd1 Kh8
15. Be6 Na6 16. Bxd5 cxd5 17. Rxd5 Qc7 18. Be3 Rad8 19. Rc1 Qb8 20. Rxd8 Rxd8
21. Qf7 Bc5 22. Nxc5 Nxc5 23. b4 Ne4 24. Rc7 Rg8 25. Bh6 1-0

[Event "×åìïèîíàò ÐÒ"]
[Site "ÐšÐ°Ð·Ð°Ð½ÑŒ"]
[Date "2022.12.09"]
[Round "1.4"]
[White "Ãðèøóíèí, Àðòóð."]
[Black "Ïîíôèëåíîê, Âëàäèìèð."]
[Result "0-1"]
[WhiteElo "1227"]
[BlackElo "2319"]
[PlyCount "68"]
[EventDate "2022.12.09"]

1. d4 e6 2. c4 f5 3. g3 Nf6 4. Nh3 Be7 5. Bg2 O-O 6. O-O d6 7. Nc3 c6 8. Bf4
Nbd7 9. Ng5 Nb6 10. b3 Nh5 11. Nf3 Nxf4 12. gxf4 Nd7 13. Qc2 Bf6 14. Rfd1 Qe7
15. Rac1 e5 16. fxe5 dxe5 17. d5 e4 18. Nd4 Ne5 19. d6 Qf7 20. Na4 b6 21. b4
Bd7 22. Qb3 Nd3 23. exd3 Bxd4 24. Rc2 e3 25. fxe3 Bxe3+ 26. Kh1 Rae8 27. d4 Qh5
28. Rf1 Bxd4 29. c5+ Kh8 30. cxb6 axb6 31. Bxc6 Bxc6+ 32. Rxc6 Re2 33. h3 Re3
34. Qxe3 Bxe3 0-1

[Event "×åìïèîíàò ÐÒ"]
[Site "ÐšÐ°Ð·Ð°Ð½ÑŒ"]
[Date "2022.12.09"]
[Round "1.5"]
[White "Îñïåííèêîâ, Äìèòðèé."]
[Black "Ìàçèëêèí, Àëåêñàíäð."]
[Result "1-0"]
[WhiteElo "2279"]
[BlackElo "1214"]
[PlyCount "43"]
[EventDate "2022.12.09"]

1. c4 e6 2. e4 Nf6 3. Nc3 d5 4. e5 Nfd7 5. cxd5 exd5 6. d4 Nb6 7. Nf3 Be7 8.
Bd3 Be6 9. O-O O-O 10. Bc2 c5 11. Qd3 g6 12. dxc5 Bxc5 13. Bg5 Be7 14. Qd2 Nc4
15. Qf4 Bxg5 16. Nxg5 Qc7 17. Qh4 h5 18. Bxg6 Nxe5 19. Bxh5 Qe7 20. Rfe1 Nd3
21. Bxf7+ Rxf7 22. Rxe6 1-0

[Event "×åìïèîíàò ÐÒ"]
[Site "ÐšÐ°Ð·Ð°Ð½ÑŒ"]
[Date "2022.12.09"]
[Round "1.6"]
[White "Ìàõìóòîâ, Àéíóð."]
[Black "Íîâèêîâ, Ðîìàí."]
[Result "0-1"]
[WhiteElo "1198"]
[BlackElo "2194"]
[PlyCount "58"]
[EventDate "2022.12.09"]

1. d4 Nf6 2. Bf4 d5 3. e3 c5 4. c3 Qb6 5. Qb3 c4 6. Qxb6 axb6 7. Nf3 Nc6 8.
Nbd2 b5 9. a3 Bf5 10. Be2 h6 11. O-O e6 12. Ne5 Nxe5 13. Bxe5 Nd7 14. Bg3 Nb6
15. f3 Bd3 16. Kf2 Bxe2 17. Kxe2 Kd7 18. e4 Be7 19. e5 Na4 20. Rab1 Bxa3 21.
Rfc1 Bxb2 22. Rc2 Nxc3+ 23. Rxc3 Bxc3 24. Rxb5 Ra2 25. Be1 Bxd2 26. Bxd2 c3 27.
Rxb7+ Kc6 28. Rxf7 Rg8 29. Re7 cxd2 0-1

[Event "×åìïèîíàò ÐÒ"]
[Site "ÐšÐ°Ð·Ð°Ð½ÑŒ"]
[Date "2022.12.09"]
[Round "1.7"]
[White "Ðîìàíîâ, Ñåðãåé."]
[Black "Õàëèêîâ, Êàìèëü."]
[Result "1-0"]
[WhiteElo "2108"]
[BlackElo "1181"]
[PlyCount "71"]
[EventDate "2022.12.09"]

1. d4 Nf6 2. Bg5 g6 3. Bxf6 exf6 4. c4 Bg7 5. Nc3 O-O 6. e3 d6 7. Bd3 Nc6 8.
Rc1 Re8 9. Nge2 Bg4 10. O-O Bxe2 11. Bxe2 f5 12. Bf3 Qd7 13. Qa4 f4 14. d5 Ne5
15. Qxd7 Nxd7 16. exf4 Nc5 17. Rfd1 a5 18. Rc2 Re7 19. g3 Rae8 20. Kf1 b6 21.
Nb5 Na6 22. b3 a4 23. Rb1 axb3 24. Rxb3 Re1+ 25. Kg2 Ra1 26. Rd2 Rc1 27. Ra3
Nb4 28. Be2 Re1 29. Kf3 Re7 30. Ra7 Ba1 31. a3 R1xe2 32. Rxe2 Rxe2 33. Kxe2 Na2
34. Rxc7 Nc3+ 35. Nxc3 Bxc3 36. Rd7 1-0

[Event "×åìïèîíàò ÐÒ"]
[Site "ÐšÐ°Ð·Ð°Ð½ÑŒ"]
[Date "2022.12.09"]
[Round "1.1"]
[White "Þññèííèåìè, Êàìèëëà."]
[Black "Íóð-Ìóõàìåòîâà, Àëèñà."]
[Result "0-1"]
[WhiteElo "1343"]
[BlackElo "2176"]
[PlyCount "66"]
[EventDate "2022.12.09"]

1. d4 Nf6 2. c4 e6 3. Nf3 d5 4. g3 Bb4+ 5. Bd2 Be7 6. Bg2 O-O 7. Qc2 Nbd7 8.
O-O c6 9. b3 b6 10. Bc1 Ba6 11. Nbd2 c5 12. e4 cxd4 13. exd5 exd5 14. Nxd4 Rc8
15. Qf5 Bb4 16. Rb1 Re8 17. Rd1 Re5 18. Qf3 Qe8 19. Bf1 Nc5 20. a3 Bxd2 21.
Bxd2 dxc4 22. bxc4 Bb7 23. Qc3 Nfe4 24. Qb2 Nxd2 25. Rxd2 h6 26. Nb5 Qc6 27. f3
Rce8 28. Bg2 Qf6 29. Nd6 Re1+ 30. Kf2 R8e2+ 31. Rxe2 Nd3+ 32. Ke3 Nxb2 33.
Rbxe1 Qxd6 0-1

[Event "×åìïèîíàò ÐÒ"]
[Site "ÐšÐ°Ð·Ð°Ð½ÑŒ"]
[Date "2022.12.09"]
[Round "1.2"]
[White "Ìàðêåëîâà, Ëþáîâü."]
[Black "Ãàëèåâà, Àëèíà."]
[Result "1-0"]
[WhiteElo "2125"]
[BlackElo "1430"]
[PlyCount "61"]
[EventDate "2022.12.09"]

1. Nf3 Nf6 2. c4 c5 3. Nc3 d5 4. cxd5 Nxd5 5. g3 Nc6 6. Bg2 Nc7 7. O-O e5 8. d3
Be7 9. Be3 Be6 10. Rc1 Qd7 11. a3 f6 12. Ne4 b6 13. b4 cxb4 14. Rxc6 Qxc6 15.
Nxe5 Qb5 16. Nd6+ Bxd6 17. Bc6+ Qxc6 18. Nxc6 bxa3 19. Nd4 Bh3 20. Qa4+ Bd7 21.
Qb3 b5 22. Rc1 a5 23. Bf4 a4 24. Qa2 Bxf4 25. gxf4 Rc8 26. Qxa3 Ne6 27. Rxc8+
Bxc8 28. Nxb5 Nxf4 29. Nd6+ Kd7 30. Nxc8 Kxc8 31. Qc1+ 1-0

[Event "×åìïèîíàò ÐÒ"]
[Site "ÐšÐ°Ð·Ð°Ð½ÑŒ"]
[Date "2022.12.09"]
[Round "1.3"]
[White "Ôàéçðàõìàíîâà, Äèíàðà."]
[Black "Íàñûðîâà, Åêàòåðèíà."]
[Result "0-1"]
[WhiteElo "1460"]
[BlackElo "2106"]
[PlyCount "86"]
[EventDate "2022.12.09"]

1. d4 d5 2. Nf3 Nf6 3. c4 e6 4. g3 Bb4+ 5. Bd2 Bd6 6. Bg2 O-O 7. O-O Nbd7 8.
Nc3 dxc4 9. Nb5 a6 10. Nxd6 cxd6 11. Bb4 Qb6 12. Qe1 Re8 13. Ba5 Qa7 14. Nd2
Qxd4 15. Bc3 Qc5 16. e3 d5 17. b3 cxb3 18. Nxb3 Qa7 19. Bd4 b6 20. Rb1 a5 21.
Qc1 Ba6 22. Rd1 a4 23. Nd2 e5 24. Bc3 Nc5 25. Qb2 Be2 26. Re1 Nd3 27. Qa1 Bh5
28. Rf1 Rac8 29. Bh3 Rc6 30. Bf5 Be2 31. Rfe1 Nxe1 32. Rxe1 Qc7 33. Bb2 Bg4 34.
Bd3 Nd7 35. Kg2 e4 36. Bb5 Rc2 37. Bxg7 Rxd2 38. Bh8 f6 39. Rc1 Bf3+ 40. Kg1
Qxc1+ 41. Qxc1 Rd1+ 42. Qxd1 Bxd1 43. Bxd7 Rd8 0-1

[Event "×åìïèîíàò ÐÒ"]
[Site "ÐšÐ°Ð·Ð°Ð½ÑŒ"]
[Date "2022.12.10"]
[Round "2.2"]
[White "Ñàìóñåíêî, Ìàêñèì."]
[Black "Âîëûíåö, Áîãäàí."]
[Result "1-0"]
[WhiteElo "2461"]
[BlackElo "1775"]
[PlyCount "53"]
[EventDate "2022.12.09"]

1. d4 d5 2. Bg5 Nf6 3. Bxf6 exf6 4. e3 Be6 5. Nd2 f5 6. Bd3 Be7 7. Ne2 O-O 8.
Nf4 Nd7 9. g4 fxg4 10. Nxe6 fxe6 11. Qxg4 Rf6 12. Rg1 Qf8 13. f4 c5 14. Nf3 h6
15. c3 cxd4 16. cxd4 Bb4+ 17. Ke2 Qe7 18. Rg2 Raf8 19. Rag1 R8f7 20. Ne5 Nxe5
21. dxe5 Rf5 22. Bxf5 exf5 23. Qg6 Qc7 24. e6 Qc2+ 25. Kf3 Qe4+ 26. Kf2 Rc7 27.
Qxg7+ 1-0

[Event "×åìïèîíàò ÐÒ"]
[Site "ÐšÐ°Ð·Ð°Ð½ÑŒ"]
[Date "2022.12.10"]
[Round "2.3"]
[White "Õàêèìîâ, Àçàò."]
[Black "Øàðàôèåâ, Àçàò."]
[Result "0-1"]
[WhiteElo "1708"]
[BlackElo "2432"]
[PlyCount "50"]
[EventDate "2022.12.09"]

1. e4 c5 2. Nf3 e6 3. d4 cxd4 4. Nxd4 Nf6 5. Nc3 Nc6 6. Ndb5 d6 7. Bf4 e5 8.
Bg5 a6 9. Bxf6 gxf6 10. Na3 b5 11. Nd5 f5 12. exf5 Bxf5 13. Bd3 Be6 14. Be4 Rb8
15. c4 Bg7 16. Nf6+ Bxf6 17. Bxc6+ Ke7 18. cxb5 axb5 19. b4 Qc8 20. Rc1 Qa6 21.
Nxb5 Rxb5 22. Bxb5 Qxb5 23. Rc7+ Bd7 24. Qb3 Ra8 25. a3 Qa4 0-1

[Event "×åìïèîíàò ÐÒ"]
[Site "ÐšÐ°Ð·Ð°Ð½ÑŒ"]
[Date "2022.12.10"]
[Round "2.5"]
[White "Øàõóðäèí, Òèìîôåé."]
[Black "Îñïåííèêîâ, Äìèòðèé."]
[Result "1/2-1/2"]
[WhiteElo "1600"]
[BlackElo "2279"]
[PlyCount "40"]
[EventDate "2022.12.09"]

1. e4 c6 2. d4 d6 3. Nc3 e5 4. Nf3 Nd7 5. Be2 Ngf6 6. O-O Be7 7. a4 a5 8. Re1
O-O 9. h3 Re8 10. Be3 Bf8 11. Bc4 exd4 12. Bxd4 Qc7 13. Ba2 Ne5 14. Ng5 h6 15.
Bxe5 hxg5 16. Bxf6 gxf6 17. Qf3 Qe7 18. Rad1 Qe5 19. Re3 Be6 20. Bxe6 fxe6
1/2-1/2

[Event "×åìïèîíàò ÐÒ"]
[Site "ÐšÐ°Ð·Ð°Ð½ÑŒ"]
[Date "2022.12.10"]
[Round "2.6"]
[White "Íîâèêîâ, Ðîìàí."]
[Black "Õèñìàòîâ, Íóðëàí."]
[Result "1-0"]
[WhiteElo "2194"]
[BlackElo "1587"]
[PlyCount "53"]
[EventDate "2022.12.09"]

1. e4 c5 2. c3 Nf6 3. e5 Nd5 4. Na3 Nc6 5. Nf3 d6 6. exd6 Qxd6 7. d4 cxd4 8.
Nb5 Qd8 9. Nbxd4 Nxd4 10. Qxd4 Nb6 11. Be3 Qxd4 12. Nxd4 Nd5 13. Nb5 Nxe3 14.
fxe3 Kd8 15. O-O-O+ Bd7 16. Bc4 e6 17. Rhf1 Ke7 18. Nd6 f5 19. e4 g6 20. exf5
Bh6+ 21. Kc2 Rhf8 22. g4 gxf5 23. Nxf5+ exf5 24. Rfe1+ Kf6 25. Rxd7 Kg5 26. Re6
Rfe8 27. h4+ 1-0

[Event "×åìïèîíàò ÐÒ"]
[Site "ÐšÐ°Ð·Ð°Ð½ÑŒ"]
[Date "2022.12.10"]
[Round "2.7"]
[White "Çàêèðîâ, Ðóñëàí."]
[Black "Ðîìàíîâ, Ñåðãåé."]
[Result "1-0"]
[WhiteElo "1562"]
[BlackElo "2108"]
[PlyCount "41"]
[EventDate "2022.12.09"]

1. e4 d6 2. d4 Nf6 3. Nc3 e5 4. Nf3 Nbd7 5. Bc4 Be7 6. O-O c6 7. a4 h6 8. h3 g5
9. dxe5 dxe5 10. Nh2 Bc5 11. Qf3 Nf8 12. Be3 Be7 13. Rfe1 Qc7 14. Bc5 Bxc5 15.
Qxf6 Rh7 16. Ng4 Bxg4 17. hxg4 Qe7 18. Qf5 a6 19. Ne2 h5 20. Ng3 hxg4 21. Qxg4
1-0

[Event "×åìïèîíàò ÐÒ"]
[Site "ÐšÐ°Ð·Ð°Ð½ÑŒ"]
[Date "2022.12.10"]
[Round "2.1"]
[White "Íóð-Ìóõàìåòîâà, Àëèñà."]
[Black "Ìàëüöåâà, Åëèçàâåòà."]
[Result "0-1"]
[WhiteElo "2176"]
[BlackElo "1658"]
[PlyCount "102"]
[EventDate "2022.12.09"]

1. Nf3 Nf6 2. g3 e6 3. Bg2 d5 4. c4 dxc4 5. Qa4+ Nbd7 6. Qxc4 a6 7. Qc2 c5 8.
O-O Bd6 9. d4 O-O 10. Rd1 Qe7 11. Nc3 Rb8 12. dxc5 Bxc5 13. Bf4 e5 14. Bg5 Qe6
15. e4 Ng4 16. Rf1 h6 17. Bc1 Ngf6 18. Nd5 b5 19. Nxf6+ Qxf6 20. Rd1 Bb6 21. b3
Re8 22. Bb2 Nf8 23. Rd5 Ng6 24. Rad1 Bg4 25. R1d3 Rbc8 26. Qd2 Bc5 27. b4 Bf8
28. Nxe5 Nxe5 29. Rxe5 Rxe5 30. h3 Be6 31. f4 Qe7 32. Bxe5 Qxb4 33. Qxb4 Bxb4
34. a3 Rc1+ 35. Kh2 Bc5 36. g4 f6 37. Rd8+ Kf7 38. Bd4 Bxd4 39. Rxd4 Rc4 40.
Rd3 Ke7 41. Kg3 a5 42. Kf3 Rc2 43. Re3 b4 44. axb4 axb4 45. Bf1 b3 46. Bd3 Rh2
47. Kg3 Rd2 48. Bb1 Rd1 49. Bd3 b2 50. Bc2 Rc1 51. Bd3 Rc3 0-1

[Event "×åìïèîíàò ÐÒ"]
[Site "ÐšÐ°Ð·Ð°Ð½ÑŒ"]
[Date "2022.12.10"]
[Round "2.2"]
[White "Íàãàåâà, Àëèÿ."]
[Black "Ìàðêåëîâà, Ëþáîâü."]
[Result "1/2-1/2"]
[WhiteElo "1836"]
[BlackElo "2125"]
[PlyCount "36"]
[EventDate "2022.12.09"]

1. d4 d5 2. Nc3 Nf6 3. Bf4 c5 4. e3 cxd4 5. exd4 a6 6. h3 Nc6 7. Nf3 Bf5 8. Bd3
Bxd3 9. Qxd3 e6 10. O-O Rc8 11. a3 Be7 12. Ne5 Qb6 13. Nxc6 Qxc6 14. Rfe1 O-O
15. Re3 b5 16. Qd1 a5 17. Rc1 b4 18. Nb1 Qb6 1/2-1/2

[Event "×åìïèîíàò ÐÒ"]
[Site "ÐšÐ°Ð·Ð°Ð½ÑŒ"]
[Date "2022.12.10"]
[Round "2.3"]
[White "Íàñûðîâà, Åêàòåðèíà."]
[Black "Íèãìàòóëëèíà, Äèíà."]
[Result "1-0"]
[WhiteElo "2106"]
[BlackElo "1563"]
[PlyCount "75"]
[EventDate "2022.12.09"]

1. d4 Nf6 2. c4 g6 3. g3 Bg7 4. Bg2 O-O 5. Nc3 Nc6 6. Nf3 d5 7. Ne5 Nxe5 8.
dxe5 Ng4 9. cxd5 Nxe5 10. O-O Bd7 11. e4 Qc8 12. Qe2 Bh3 13. Be3 Bxg2 14. Kxg2
c6 15. Rac1 c5 16. f4 Nd7 17. Na4 b6 18. b4 c4 19. b5 Nf6 20. Bd4 Qd7 21. Bxf6
Bxf6 22. Qxc4 Rfc8 23. Qb3 Rxc1 24. Rxc1 Rc8 25. Rc6 Bg7 26. Qc4 Ra8 27. Rc7
Qg4 28. Qd3 e5 29. h3 Qh5 30. Qf3 Qh6 31. Qg4 exf4 32. Qxf4 Qxf4 33. gxf4 Bd4
34. Nc3 a6 35. d6 Kf8 36. Nd5 Ke8 37. Rc4 Bc5 38. Nc7+ 1-0

[Event "×åìïèîíàò ÐÒ"]
[Site "ÐšÐ°Ð·Ð°Ð½ÑŒ"]
[Date "2022.12.10"]
[Round "2.4"]
[White "Ïîíôèëåíîê, Âëàäèìèð."]
[Black "Ãîðèí, Àíäðåé."]
[Result "1-0"]
[WhiteElo "2319"]
[BlackElo "1713"]
[PlyCount "85"]
[EventDate "2022.12.09"]

1. d4 Nf6 2. Bg5 g6 3. Bxf6 exf6 4. e3 Bg7 5. g3 O-O 6. Bg2 f5 7. Ne2 d6 8. O-O
Nd7 9. c4 Nf6 10. Nbc3 Re8 11. Qd3 Rb8 12. Rfd1 Bd7 13. b4 Bc6 14. Nd5 Ne4 15.
b5 Bd7 16. Ndc3 Qe7 17. Nd5 Qd8 18. Qa3 c6 19. Ndc3 Qc7 20. Rab1 Be6 21. bxc6
bxc6 22. Rxb8 Rxb8 23. d5 cxd5 24. cxd5 Bd7 25. Nxe4 fxe4 26. Bxe4 Bb2 27. Qd3
Qa5 28. Nd4 Qxa2 29. Nc6 Rb6 30. Qc2 Qa3 31. h4 Bf6 32. Rb1 Kg7 33. Kg2 Qa6 34.
Nb8 Qb7 35. Rxb6 axb6 36. Nxd7 Qxd7 37. Qc6 Qd8 38. Bd3 Bb2 39. f4 Kg8 40. Kf3
Ba3 41. Bb5 Qf6 42. Qa8+ Kg7 43. Qxa3 1-0

[Event "×åìïèîíàò ÐÒ"]
[Site "ÐšÐ°Ð·Ð°Ð½ÑŒ"]
[Date "2022.12.10"]
[Round "2.1"]
[White "Ìàãèçîâ, Òèìóð."]
[Black "Ôàéçðàõìàíîâ, Ðàìèëü."]
[Result "0-1"]
[WhiteElo "1761"]
[BlackElo "2477"]
[PlyCount "52"]
[EventDate "2022.12.09"]

1. e4 c5 2. Nf3 d6 3. c3 Nf6 4. h3 g6 5. Bd3 Bg7 6. Bc2 e5 7. O-O O-O 8. d4
cxd4 9. cxd4 exd4 10. Nxd4 Nc6 11. Nc3 Nxe4 12. Bxe4 Nxd4 13. Be3 Ne6 14. Qd2
Nc5 15. Bh6 Bxh6 16. Qxh6 Qf6 17. Bf3 Be6 18. Rfd1 Rfd8 19. Rac1 a5 20. Nb5
Bxa2 21. Rc3 Rac8 22. Rd4 d5 23. Rh4 Qg7 24. Qg5 Bc4 25. Nd4 a4 26. Nf5 gxf5
0-1

[Event "×åìïèîíàò ÐÒ"]
[Site "ÐšÐ°Ð·Ð°Ð½ÑŒ"]
[Date "2022.12.11"]
[Round "3.1"]
[White "Ôàéçðàõìàíîâ, Ðàìèëü."]
[Black "Êîâàëåâ, Êèðèëë."]
[Result "1-0"]
[WhiteElo "2477"]
[BlackElo "1982"]
[PlyCount "77"]
[EventDate "2022.12.09"]

1. d4 d5 2. c4 e6 3. Nf3 Nf6 4. Nc3 c6 5. e3 Nbd7 6. Be2 Be7 7. O-O O-O 8. b3
b6 9. Bb2 Bb7 10. Qc2 Rc8 11. e4 dxe4 12. Nxe4 Nxe4 13. Qxe4 Nf6 14. Qc2 Qc7
15. c5 b5 16. Ne5 Nd5 17. a3 a5 18. Bd3 h6 19. g3 Bf6 20. h4 Rfd8 21. Qe2 Bxe5
22. dxe5 Ne7 23. h5 Kf8 24. Rad1 Rd5 25. Be4 Rxd1 26. Rxd1 Rd8 27. Rd6 Nf5 28.
Qg4 Ne7 29. Bc2 Ng8 30. Qe4 Rxd6 31. exd6 Qd8 32. Qh7 f6 33. Qh8 Bc8 34. Bh7
Kf7 35. Bc3 b4 36. axb4 axb4 37. Bxb4 e5 38. Ba5 Qf8 39. Bd3 1-0

[Event "×åìïèîíàò ÐÒ"]
[Site "ÐšÐ°Ð·Ð°Ð½ÑŒ"]
[Date "2022.12.11"]
[Round "3.2"]
[White "Ãàëÿâèåâ, Ñàìàò."]
[Black "Ñàìóñåíêî, Ìàêñèì."]
[Result "1/2-1/2"]
[WhiteElo "1957"]
[BlackElo "2461"]
[PlyCount "63"]
[EventDate "2022.12.09"]

1. d4 Nf6 2. Nf3 g6 3. Bf4 Bg7 4. e3 O-O 5. Be2 d6 6. h3 c5 7. O-O b6 8. a4 a6
9. c3 Bb7 10. Bh2 Nbd7 11. Nbd2 Ra7 12. Re1 Qa8 13. Bf1 Ne4 14. Nxe4 Bxe4 15.
Nd2 Bc6 16. Nc4 d5 17. Nd2 e5 18. Nf3 e4 19. Nd2 Re8 20. a5 b5 21. b4 c4 22. g4
Qd8 23. f4 exf3 24. Qxf3 Nf6 25. Bg2 h6 26. Rf1 Nh7 27. Rae1 Rae7 28. Qf2 Ng5
29. h4 Ne4 30. Nxe4 dxe4 31. g5 Qd5 32. Bf4 1/2-1/2

[Event "×åìïèîíàò ÐÒ"]
[Site "ÐšÐ°Ð·Ð°Ð½ÑŒ"]
[Date "2022.12.11"]
[Round "3.3"]
[White "Øàðàôèåâ, Àçàò."]
[Black "Áàãàóòäèíîâ, Èëüãèç."]
[Result "1-0"]
[WhiteElo "2432"]
[BlackElo "1948"]
[PlyCount "91"]
[EventDate "2022.12.09"]

1. e4 c5 2. Nf3 d6 3. d4 cxd4 4. Nxd4 Nf6 5. Nc3 e6 6. g4 h6 7. Rg1 a6 8. h4 d5
9. exd5 Nxd5 10. Bd2 Nc6 11. Nxc6 bxc6 12. Qe2 g6 13. Nxd5 cxd5 14. Bc3 Rg8 15.
O-O-O Bb7 16. Bg2 Be7 17. Qe3 Bxh4 18. Kb1 Qe7 19. Rh1 d4 20. Qxd4 Bxg2 21.
Qa4+ Kf8 22. Bb4 Bxh1 23. Rxh1 Kg7 24. Bxe7 Bxe7 25. Qd4+ Bf6 26. Qe3 g5 27.
Rd1 Rgb8 28. c3 Rb7 29. Kc2 Rab8 30. b3 Rc8 31. Rd3 Rbc7 32. c4 a5 33. Qd2 a4
34. Rd7 axb3+ 35. axb3 Rc6 36. Qa5 Rf8 37. Qa7 Kg6 38. Qb7 Rcc8 39. Qe4+ Kg7
40. Qxe6 Ra8 41. f3 Ra2+ 42. Kd3 Rf2 43. Qd5 Rf1 44. Ke2 Rb1 45. c5 Re8+ 46.
Kd2 1-0

[Event "×åìïèîíàò ÐÒ"]
[Site "ÐšÐ°Ð·Ð°Ð½ÑŒ"]
[Date "2022.12.11"]
[Round "3.4"]
[White "×óïàõèí, Åâãåíèé."]
[Black "Ïîíôèëåíîê, Âëàäèìèð."]
[Result "1/2-1/2"]
[WhiteElo "1945"]
[BlackElo "2319"]
[PlyCount "117"]
[EventDate "2022.12.09"]

1. d4 e6 2. Nc3 d5 3. Bf4 Nf6 4. Nb5 Na6 5. e3 c6 6. Nc3 b6 7. Nf3 Be7 8. Ne5
Nb8 9. Bd3 Bb7 10. g4 Nfd7 11. Qf3 Nxe5 12. Bxe5 f6 13. Bg3 Ba6 14. e4 Bxd3 15.
Qxd3 Bd6 16. O-O-O O-O 17. h4 Qc7 18. Rdg1 Nd7 19. g5 f5 20. e5 Bb4 21. Ne2
Rfe8 22. Kb1 a5 23. Nf4 a4 24. c4 a3 25. b3 Nf8 26. cxd5 cxd5 27. Rc1 Qd7 28.
Rc2 Rec8 29. Rhc1 Kf7 30. h5 Be7 31. Bh4 Kg8 32. Ne2 Qe8 33. Rxc8 Rxc8 34. Rxc8
Qxc8 35. f4 Qe8 36. Qf3 h6 37. Ng1 Nh7 38. Nh3 Qb5 39. Kc2 Qe8 40. Kb1 b5 41.
Kc2 b4 42. Kd2 Bd8 43. Qd1 Qb5 44. Ke3 Qc6 45. Be1 hxg5 46. Bxb4 g4 47. Nf2 Qe8
48. Qh1 Be7 49. Bc5 Nf8 50. Nd3 Nd7 51. b4 Nxc5 52. bxc5 Bd8 53. Qh2 Qa4 54.
Qd2 Qc4 55. Qb4 Qxa2 56. Qb8 Qg2 57. Qxd8+ Kh7 58. Qg5 a2 59. Qg6+ 1/2-1/2

[Event "×åìïèîíàò ÐÒ"]
[Site "ÐšÐ°Ð·Ð°Ð½ÑŒ"]
[Date "2022.12.11"]
[Round "3.5"]
[White "Ìèíãàòèí, Ìàðñ."]
[Black "Íîâèêîâ, Ðîìàí."]
[Result "1/2-1/2"]
[WhiteElo "1931"]
[BlackElo "2194"]
[PlyCount "33"]
[EventDate "2022.12.09"]

1. d4 Nf6 2. c4 e6 3. Nf3 d5 4. Nc3 dxc4 5. e3 a6 6. a4 c5 7. Bxc4 cxd4 8. exd4
Be7 9. O-O O-O 10. d5 exd5 11. Nxd5 Nxd5 12. Bxd5 Nd7 13. Nd4 Bf6 14. Ne2 Nb6
15. Bf3 Nc4 16. Qc2 Ne5 17. Be4 1/2-1/2

[Event "×åìïèîíàò ÐÒ"]
[Site "ÐšÐ°Ð·Ð°Ð½ÑŒ"]
[Date "2022.12.11"]
[Round "3.6"]
[White "Çàêèðîâ, Ðóñëàí."]
[Black "Ãèëÿçèòäèíîâ, Íèêèòà."]
[Result "1/2-1/2"]
[WhiteElo "1562"]
[BlackElo "2091"]
[PlyCount "85"]
[EventDate "2022.12.09"]

1. e4 e5 2. Nf3 Nc6 3. Bc4 Bc5 4. O-O Nf6 5. d3 d6 6. c3 a6 7. Bb3 Ba7 8. Nbd2
h6 9. Re1 O-O 10. h3 Be6 11. Bc2 Re8 12. Nf1 d5 13. exd5 Qxd5 14. Ng3 Rad8 15.
Bd2 Bc5 16. b4 Bf8 17. a4 Bc8 18. Rb1 g6 19. b5 Nb8 20. c4 Qd6 21. Bb4 c5 22.
bxc6 Qxc6 23. Bxf8 Kxf8 24. Nxe5 Qc5 25. Qf3 Kg7 26. Qf4 Rd4 27. Qe3 Nc6 28. f4
Nxe5 29. fxe5 Nd7 30. Qf2 Rh4 31. Qxc5 Nxc5 32. Rbd1 Rd8 33. Kf2 Bd7 34. a5 Bc6
35. Ne2 Ne6 36. Kg3 g5 37. Kh2 Nf4 38. Nxf4 Rxf4 39. Re2 h5 40. Rde1 Bd7 41.
Rb1 Bc6 42. Rbe1 Bd7 43. Rb1 1/2-1/2

[Event "×åìïèîíàò ÐÒ"]
[Site "ÐšÐ°Ð·Ð°Ð½ÑŒ"]
[Date "2022.12.11"]
[Round "3.7"]
[White "Îñïåííèêîâ, Äìèòðèé."]
[Black "Ìèíõàéäàðîâ, Ðóñëàí."]
[Result "1-0"]
[WhiteElo "2279"]
[BlackElo "1501"]
[PlyCount "91"]
[EventDate "2022.12.09"]

1. c4 e5 2. Nc3 Bb4 3. g3 Nf6 4. Bg2 O-O 5. Nf3 Re8 6. O-O d6 7. d3 h6 8. Nd5
Nxd5 9. cxd5 Nd7 10. e4 Bc5 11. d4 exd4 12. Nxd4 Nf6 13. Qd3 Qe7 14. f3 c6 15.
dxc6 d5 16. exd5 Nxd5 17. Bd2 Qf6 18. Bc3 Re3 19. Qc4 Nxc3 20. Qxc5 Qxd4 21.
Qxd4 Ne2+ 22. Kf2 Nxd4 23. Kxe3 Nc2+ 24. Kd2 Nxa1 25. Rxa1 bxc6 26. f4 Rb8 27.
b3 Bf5 28. Re1 Rd8+ 29. Kc1 Kf8 30. Re2 f6 31. Re3 Bg4 32. Kc2 Bf5+ 33. Be4 Re8
34. Kd3 Rxe4 35. Rxe4 Kf7 36. b4 Bxe4+ 37. Kxe4 g6 38. f5 g5 39. Kd4 Ke7 40.
Kc5 Kd7 41. g4 Kc7 42. b5 cxb5 43. Kxb5 Kb7 44. Kc5 Kc7 45. Kd5 Kd7 46. a4 1-0

[Event "×åìïèîíàò ÐÒ"]
[Site "ÐšÐ°Ð·Ð°Ð½ÑŒ"]
[Date "2022.12.11"]
[Round "3.1"]
[White "Ìàëüöåâà, Åëèçàâåòà."]
[Black "Íàñûðîâà, Åêàòåðèíà."]
[Result "0-1"]
[WhiteElo "1658"]
[BlackElo "2106"]
[PlyCount "62"]
[EventDate "2022.12.09"]

1. d4 d5 2. c4 dxc4 3. e3 e5 4. Bxc4 Nc6 5. Nf3 e4 6. Nfd2 Qg5 7. Nxe4 Qxg2 8.
Ng3 Nf6 9. Bf1 Qd5 10. Nc3 Bb4 11. a3 Bxc3+ 12. bxc3 O-O 13. c4 Qd8 14. Bg2 Ne7
15. Qc2 Ng6 16. h4 Re8 17. Kf1 Ng4 18. h5 Nh4 19. Be4 f5 20. Bd3 h6 21. Ne2 Qg5
22. Nf4 Nf3 23. Qa4 c6 24. e4 Ngh2+ 25. Ke2 fxe4 26. Bb1 Nxd4+ 27. Ke1 Ndf3+
28. Ke2 Bg4 29. Ba2 Ne5+ 30. Ke1 Nd3+ 31. Nxd3 exd3+ 0-1

[Event "×åìïèîíàò ÐÒ"]
[Site "ÐšÐ°Ð·Ð°Ð½ÑŒ"]
[Date "2022.12.11"]
[Round "3.2"]
[White "Ìàðêåëîâà, Ëþáîâü."]
[Black "Ìîêååâà, Çëàòà."]
[Result "1-0"]
[WhiteElo "2125"]
[BlackElo "1609"]
[PlyCount "61"]
[EventDate "2022.12.09"]

1. e4 c5 2. Nc3 d6 3. d4 cxd4 4. Qxd4 Nc6 5. Qd2 g6 6. b3 Bg7 7. Bb2 Nf6 8.
O-O-O O-O 9. f3 a6 10. Kb1 b5 11. g4 b4 12. Na4 Qc7 13. h4 Rd8 14. h5 d5 15. e5
Ne8 16. hxg6 hxg6 17. Qh2 e6 18. f4 Bd7 19. Nf3 Na5 20. f5 exf5 21. Qh7+ Kf8
22. e6 fxe6 23. Bxg7+ Nxg7 24. Qxg6 Bxa4 25. Rh8+ Ke7 26. Qxg7+ Kd6 27. Qe5+
Kc6 28. Nd4+ Kb7 29. Qxc7+ Kxc7 30. Nxe6+ Kd7 31. Rxd8+ 1-0

[Event "×åìïèîíàò ÐÒ"]
[Site "ÐšÐ°Ð·Ð°Ð½ÑŒ"]
[Date "2022.12.11"]
[Round "3.3"]
[White "Êîâàëåâà, Îëüãà."]
[Black "Íàãàåâà, Ìàðüÿì."]
[Result "1/2-1/2"]
[WhiteElo "2070"]
[BlackElo "1836"]
[PlyCount "113"]
[EventDate "2022.12.09"]

1. e4 c5 2. Nf3 Nc6 3. d4 cxd4 4. Nxd4 Qc7 5. c4 Nf6 6. Nc3 Nxe4 7. Nxe4 Qe5 8.
Nb5 Qxe4+ 9. Be2 Qe5 10. g3 Qb8 11. O-O a6 12. Nc3 e6 13. Bf4 d6 14. Bf3 Be7
15. Na4 Qc7 16. c5 e5 17. Nb6 Rb8 18. Nd5 Qd8 19. Nxe7 Nxe7 20. cxd6 exf4 21.
Re1 Be6 22. dxe7 Qxd1 23. Raxd1 fxg3 24. hxg3 Kxe7 25. Rc1 Rhd8 26. Bg4 Rbc8
27. Rxc8 Rxc8 28. Bxe6 fxe6 29. Re2 Kf6 30. Kg2 e5 31. Re3 b5 32. Rf3+ Ke6 33.
Ra3 Rc6 34. g4 Kf6 35. Kg3 Kg5 36. Re3 Re6 37. f3 g6 38. a4 bxa4 39. Re4 h5 40.
Rxa4 Rb6 41. Re4 Rb5 42. b4 Rd5 43. gxh5 gxh5 44. Kh3 Kf5 45. Rh4 Rd2 46. Kg3
Kg5 47. Re4 Rd5 48. Kh3 Kf5 49. Rh4 Rd4 50. Rxh5+ Kf4 51. Kg2 Rd2+ 52. Kf1 Kxf3
53. Rxe5 Rd1+ 54. Re1 Rd4 55. Ra1 Rd3 56. Ke1 Rd6 57. Ra5 1/2-1/2